[Event "POL-chT 2nd League"]
[Site "Szklarska Poreba"]
[Date "2017.09.05"]
[Round "4.13"]
[White "Mazalon, Mariusz"]
[Black "Kastelik, Adrian"]
[Result "1/2-1/2"]
[WhiteElo "2066"]
[BlackElo "2168"]
[PlyCount "94"]
[EventDate "2017.09.02"]
[EventType "team-swiss"]
[EventRounds "9"]
[EventCountry "POL"]
[SourceTitle "CBM 180 Extra"]
[Source "ChessBase"]
[SourceDate "2017.10.06"]
[SourceVersion "1"]
[SourceVersionDate "2017.10.06"]
[SourceQuality "1"]
[WhiteTeam "Bydgoszcz Hetman"]
[BlackTeam "Podlesie UKS 21"]
[WhiteTeamCountry "POL"]
[BlackTeamCountry "POL"]

1. d4 d5 2. c4 c6 3. Nf3 Nf6 4. e3 Bf5 5. Nc3 e6 6. Qb3 Qb6 7. c5 Qc7 8. Nh4 Bg6 9. g3 Nbd7 10. Bg2 b6 11. cxb6 axb6 12. Nxg6 hxg6 13. 0-0 Bd6 14. f4 b5 15. e4 dxe4 16. Nxe4 Nxe4 17. Bxe4 Nf6 18. Bf3 Ra4 19. Be3 Nd5 20. Bf2 0-0 21. Rac1 Rfa8 22. a3 Qd7 23. Rc2 b4 24. Rc4 R4a6 25. axb4 Rb8 26. Rfc1 Nxb4 27. Qd1 Be7 28. Qe2 Rab6 29. Kg2 Bf6 30. h4 Nd5 31. R1c2 Bxh4 32. Qd1 Bf6 33. Qc1 Nb4 34. Rd2 Qb7 35. Qd1 Qa6 36. Qf1 Nd5 37. Qc1 g5 38. Rdc2 gxf4 39. Rxc6 Rxc6 40. Rxc6 Qd3 41. Bxd5 exd5 42. Rc8+ Rxc8 43. Qxc8+ Kh7 44. Qh3+ Kg8 45. Qc8+ Kh7 46. Qh3+ Kg6 47. Qg4+ Kh7 1/2-1/2

[Event "POL-chT 2nd League"]
[Site "Jastrzebia Gora"]
[Date "2016.09.06"]
[Round "4.15"]
[White "Kastelik, Adrian"]
[Black "Sabuk, Piotr"]
[Result "0-1"]
[WhiteElo "2114"]
[BlackElo "2365"]
[PlyCount "146"]
[EventDate "2016.09.03"]
[EventType "team-swiss"]
[EventRounds "9"]
[EventCountry "POL"]
[SourceTitle "EXT 2017"]
[Source "ChessBase"]
[SourceDate "2016.10.25"]
[SourceVersion "1"]
[SourceVersionDate "2016.10.25"]
[SourceQuality "1"]
[WhiteTeam "Podlesie UKS 21"]
[BlackTeam "Kopernik WKS"]
[WhiteTeamCountry "POL"]
[BlackTeamCountry "POL"]

1. e4 e5 2. Nf3 Nc6 3. Nc3 Nf6 4. Bb5 Bd6 5. d3 a6 6. Ba4 h6 7. h3 Bc5 8. Nxe5 Nxe5 9. d4 Bd6 10. dxe5 Bxe5 11. 0-0 0-0 12. Qd3 Re8 13. Re1 b5 14. Bb3 Bb7 15. Nd5 Nxd5 16. Bxd5 c6 17. Bb3 d5 18. exd5 Bh2+ 19. Kf1 Rxe1+ 20. Kxe1 cxd5 21. Be3 d4 22. Rd1 Qa5+ 23. Bd2 Qb6 24. Kf1 Qc6 25. f3 Qf6 26. Be1 Rd8 27. Bf2 Bc7 28. Bxd4 Qf4 29. c3 Bb6 30. Qg6 Bxd4 31. Rxd4 Rxd4 32. cxd4 Qc1+ 33. Ke2 Qxb2+ 34. Qc2 Qxc2+ 35. Bxc2 Bd5 36. a3 Kf8 37. Be4 Bc4+ 38. Ke3 Ke7 39. d5 Kd6 40. Kd4 g5 41. g3 Bf1 42. Bf5 Bg2 43. Ke3 Bf1 44. Kd4 Be2 45. Be4 f5 46. Bxf5 Bxf3 47. Bc8 a5 48. Ba6 b4 49. axb4 axb4 50. Bc4 Bd1 51. h4 Bc2 52. hxg5 hxg5 53. Ke3 Kc5 54. d6 Kxd6 55. Kd4 b3 56. Kc3 Ke5 57. Be2 Ke4 58. Bg4 Ke3 59. Be6 Bd1 60. Kb2 Kf2 61. g4 Kg3 62. Kc1 Bc2 63. Bf5 Kf4 64. Be6 Ke3 65. Kb2 Kf4 66. Kc1 Ke5 67. Bd7 Be4 68. Kb2 Bd5 69. Kc3 Be6 70. Bb5 Kf4 71. Be2 Ke3 72. Bd1 Bd5 73. Kb2 Kd2 0-1

[Event "POL-chT 2nd League"]
[Site "Jastrzebia Gora"]
[Date "2016.09.03"]
[Round "1.21"]
[White "Orzech, Dominik"]
[Black "Kastelik, Adrian"]
[Result "1-0"]
[WhiteElo "2378"]
[BlackElo "2114"]
[PlyCount "83"]
[EventDate "2016.09.03"]
[EventType "team-swiss"]
[EventRounds "9"]
[EventCountry "POL"]
[SourceTitle "EXT 2017"]
[Source "ChessBase"]
[SourceDate "2016.10.25"]
[SourceVersion "1"]
[SourceVersionDate "2016.10.25"]
[SourceQuality "1"]
[WhiteTeam "Lodz Okucia Budowlane"]
[BlackTeam "Podlesie UKS 21"]
[WhiteTeamCountry "POL"]
[BlackTeamCountry "POL"]

1. Nf3 d5 2. c4 c6 3. d4 Nf6 4. Nc3 dxc4 5. a4 Bf5 6. Ne5 e6 7. f3 c5 8. e4 Bg6 9. Be3 cxd4 10. Qxd4 Qxd4 11. Bxd4 Nfd7 12. Nxd7 Nxd7 13. Bxc4 a6 14. Rd1 Rg8 15. Ke2 Rc8 16. Bb3 Bb4 17. h4 h5 18. Rd3 Ke7 19. Rhd1 f6 20. Kf1 Rgd8 21. Ne2 e5 22. Be3 Nc5 23. Bxc5+ Bxc5 24. Bd5 Rc7 25. Rc1 Bf7 26. Rdc3 Bxd5 27. exd5 Rdc8 28. Ng3 g6 29. Ne4 Bd6 30. g4 Rxc3 31. Rxc3 Rxc3 32. bxc3 f5 33. gxf5 gxf5 34. Ng3 Kf6 35. Nxh5+ Kg6 36. Ng3 b5 37. axb5 axb5 38. h5+ Kf6 39. h6 Kg6 40. Nxf5 Bc7 41. d6 Bb6 42. Ke2 1-0

[Event "POL-chT 2nd League"]
[Site "Jastrzebia Gora"]
[Date "2015.09.10"]
[Round "6.75"]
[White "Parol, Pawel"]
[Black "Kastelik, Adrian"]
[Result "0-1"]
[WhiteElo "2039"]
[BlackElo "2135"]
[PlyCount "84"]
[EventDate "2015.09.05"]
[EventType "team-swiss"]
[EventRounds "9"]
[EventCountry "POL"]
[SourceTitle "EXT 2017"]
[Source "ChessBase"]
[SourceDate "2016.10.25"]
[SourceVersion "1"]
[SourceVersionDate "2016.10.25"]
[SourceQuality "1"]
[WhiteTeam "Minsk Mazowiecki MTSz"]
[BlackTeam "Podlesie UKS 21"]
[WhiteTeamCountry "POL"]
[BlackTeamCountry "POL"]

1. Nf3 d5 2. d4 Nf6 3. c4 c6 4. e3 e6 5. Qc2 Nbd7 6. Nbd2 Be7 7. Bd3 0-0 8. 0-0 h6 9. b3 b6 10. e4 dxe4 11. Nxe4 Bb7 12. Ne5 c5 13. Nxd7 Qxd7 14. dxc5 Rfd8 15. Nd6 Bxd6 16. cxd6 Qc6 17. f3 Qxd6 18. Rd1 Qd4+ 19. Kf1 Qxa1 20. Bb2 Qxa2 21. Ra1 Qxb2 22. Qxb2 Rxd3 23. Ke2 Rd7 24. Rd1 Rxd1 25. Kxd1 Rd8+ 26. Ke2 e5 27. Qa3 Rd7 28. Ke3 a5 29. b4 e4 30. Qa4 Rd3+ 31. Ke2 Rc3 32. bxa5 exf3+ 33. gxf3 Bxf3+ 34. Ke1 Ne4 35. Qa1 bxa5 36. Qb2 Re3+ 37. Kf1 Re2 38. Qb8+ Kh7 39. Qf4 Nd2+ 40. Kg1 Rg2+ 41. Kh1 Rg6+ 42. Qxf3 Nxf3 0-1

[Event "POL-chT 2nd League"]
[Site "Jastrzebia Gora"]
[Date "2015.09.09"]
[Round "5.63"]
[White "Kastelik, Adrian"]
[Black "Puczylowski, Marcin"]
[Result "0-1"]
[WhiteElo "2135"]
[BlackElo "2119"]
[PlyCount "76"]
[EventDate "2015.09.05"]
[EventType "team-swiss"]
[EventRounds "9"]
[EventCountry "POL"]
[SourceTitle "EXT 2017"]
[Source "ChessBase"]
[SourceDate "2016.10.25"]
[SourceVersion "1"]
[SourceVersionDate "2016.10.25"]
[SourceQuality "1"]
[WhiteTeam "Podlesie UKS 21"]
[BlackTeam "Debica Gryf"]
[WhiteTeamCountry "POL"]
[BlackTeamCountry "POL"]

1. d4 e6 2. e4 d5 3. e5 c5 4. Qg4 Nc6 5. Nf3 Qa5+ 6. Bd2 Qb6 7. b3 cxd4 8. Bd3 h5 9. Qf4 g6 10. 0-0 Nh6 11. c3 dxc3 12. Nxc3 Nf5 13. Bxf5 gxf5 14. Qg5 a6 15. Rfe1 Qd8 16. Qg3 h4 17. Qg5 Qxg5 18. Nxg5 Bd7 19. Na4 Nb4 20. Nb6 Rd8 21. a3 Nc2 22. Rac1 Nxe1 23. Nxd7 Kxd7 24. Nxf7 Nf3+ 25. gxf3 Rg8+ 26. Kf1 Rc8 27. Rxc8 Kxc8 28. b4 Be7 29. f4 Kd7 30. Ng5 Rc8 31. Nf3 Rc2 32. Ke1 Ra2 33. Bc1 Bd8 34. Ng1 Bb6 35. Ne2 d4 36. Ng1 d3 37. Nh3 Bd4 38. Kd1 Bxf2 0-1

[Event "POL-UKR U26"]
[Site "Katowice"]
[Date "2014.10.09"]
[Round "4.16"]
[White "Kulishenko, Artur"]
[Black "Kastelik, Adrian"]
[Result "1/2-1/2"]
[WhiteElo "1905"]
[BlackElo "2115"]
[PlyCount "76"]
[EventDate "2014.10.08"]
[EventType "team-match"]
[EventRounds "4"]
[EventCountry "POL"]
[SourceTitle "EXT 2015"]
[Source "ChessBase"]
[SourceDate "2014.11.20"]
[SourceVersion "1"]
[SourceVersionDate "2014.11.20"]
[SourceQuality "1"]
[WhiteTeam "Odessa Medical Univ"]
[BlackTeam "Katowice Economic Univ"]
[WhiteTeamCountry "UKR"]
[BlackTeamCountry "POL"]

1. e4 e5 2. Nf3 Nc6 3. Nc3 Nf6 4. d4 exd4 5. Nxd4 Bb4 6. Nxc6 bxc6 7. Bd3 d5 8. exd5 cxd5 9. 0-0 0-0 10. Bg5 c6 11. Qf3 Bd6 12. h3 Be5 13. Rfe1 Qd6 14. Re2 h6 15. Bh4 Rb8 16. Rxe5 Qxe5 17. Bg3 Qe7 18. Bxb8 Qb4 19. Be5 Nd7 20. Qf4 Qxb2 21. Rb1 Qa3 22. Rb3 Qe7 23. Bd6 Qe1+ 24. Kh2 Re8 25. Qf3 Qe6 26. Bg3 Nc5 27. Rb1 d4 28. Nd1 Qxa2 29. Rb8 Bd7 30. Rxe8+ Bxe8 31. Qf5 Nxd3 32. Qxd3 c5 33. c3 Qb3 34. Qf3 Ba4 35. Qa8+ Kh7 36. Qe4+ Kg8 37. Qa8+ Kh7 38. Qe4+ Kg8 1/2-1/2

[Event "UKR-POL U26"]
[Site "Lvov"]
[Date "2013.09.26"]
[Round "1"]
[White "Bulakh, Oleksandra"]
[Black "Kastelik, Adrian"]
[Result "0-1"]
[WhiteElo "2049"]
[BlackElo "2100"]
[PlyCount "96"]
[EventDate "2013.09.26"]
[EventType "team-swiss"]
[EventRounds "5"]
[EventCountry "UKR"]
[SourceTitle "CBM 156 Extra"]
[Source "ChessBase"]
[SourceDate "2013.10.22"]
[SourceVersion "1"]
[SourceVersionDate "2013.10.22"]
[SourceQuality "1"]
[WhiteTeam "Shevchenko Univ"]
[BlackTeam "Katowice Economic Univ"]
[WhiteTeamCountry "UKR"]
[BlackTeamCountry "POL"]

1. e4 e5 2. Nf3 Nc6 3. d4 exd4 4. Nxd4 Nf6 5. Nc3 Bb4 6. Nxc6 bxc6 7. Bd3 d5 8. e5 Ng4 9. Qe2 0-0 10. 0-0 Re8 11. Bf4 f6 12. h3 Nxe5 13. a3 Bd6 14. Rfe1 Bd7 15. Qd2 Nxd3 16. cxd3 Bf5 17. d4 Qd7 18. Na4 g5 19. Bxd6 cxd6 20. b4 Rxe1+ 21. Rxe1 Re8 22. Nc3 Rxe1+ 23. Qxe1 Bd3 24. Qe3 Bc4 25. g4 Kf7 26. f4 Qe6 27. Qxe6+ Kxe6 28. fxg5 fxg5 29. Kf2 Bd3 30. Ke3 Bf1 31. Nb1 Bxh3 32. Kf3 Bf1 33. Nd2 Bd3 34. Ke3 Bg6 35. Nf3 Kf6 36. Nd2 h5 37. gxh5 Bxh5 38. Nb3 Ke6 39. Nd2 Kd7 40. Nf1 Kc7 41. Ng3 Bg4 42. Kd3 Kb6 43. Kc3 Kb5 44. Nf1 Ka4 45. Kb2 a5 46. bxa5 Kxa5 47. Ne3 Be6 48. Kb3 g4 0-1

[Event "EU-ch rapid"]
[Site "Warsaw"]
[Date "2012.12.15"]
[Round "2"]
[White "Kastelik, Adrian"]
[Black "Ragger, Markus"]
[Result "0-1"]
[WhiteElo "2109"]
[BlackElo "2655"]
[PlyCount "54"]
[EventDate "2012.12.15"]
[EventType "swiss (rapid)"]
[EventRounds "11"]
[EventCountry "POL"]
[SourceTitle "EXT 2014"]
[Source "ChessBase"]
[SourceDate "2013.11.20"]
[SourceVersion "1"]
[SourceVersionDate "2013.11.20"]
[SourceQuality "1"]

1. d4 d5 2. c4 c6 3. Nf3 Nf6 4. Nc3 dxc4 5. a4 Bf5 6. e3 e6 7. Bxc4 Bb4 8. 0-0 0-0 9. Qe2 Nbd7 10. Rd1 Bg6 11. Bd2 Qe7 12. Bd3 Bh5 13. Ne4 Nxe4 14. Bxb4 Qxb4 15. Bxe4 Qe7 16. Bc2 e5 17. Qd3 f5 18. Nxe5 Nxe5 19. dxe5 Bxd1 20. Rxd1 Qxe5 21. Qb3+ Kh8 22. Qxb7 a5 23. Qd7 Qxb2 24. Bxf5 Qf6 25. Bd3 Rad8 26. Qh3 Rxd3 27. Rxd3 Qa1+ 0-1